Catálogo público

Reporte de la fase de campo de Interrelación Agricultura-Industria para los sitemas producto cacao y palma de aceite en los estados de Chiapas y Tabasco / (Record no. 220357)

MARC details
000 -CABECERA
campo de control de longitud fija 03389nam a2200385 a 4500
003 - IDENTIFICADOR DEL NÚMERO DE CONTROL
campo de control Mxchpua
005 - FECHA Y HORA DE LA ÚLTIMA TRANSACCIÓN
campo de control 20250709181824.0
007 - CAMPO FIJO DE DESCRIPCIÓN FÍSICA--INFORMACIÓN GENERAL
campo de control de longitud fija ta
008 - DATOS DE LONGITUD FIJA--INFORMACIÓN GENERAL
campo de control de longitud fija 250122s2024 m,xbdo|fs|||| 001 0 spa d
040 ## - FUENTE DE LA CATALOGACIÓN
Centro catalogador/agencia de origen mxchpua
090 ## - LOCALMENTE ASIGNADO TIPO-LC NÚMERO DE CLASIFICACIÓN (OCLC); NÚMERO DE CLASIFICACIÓN LOCAL (RLIN)
Número de clasificación (OCLC) (R) ; Numero de clasificación, CALL (RLIN) (NR) T.C.946
Número cutter local (OCLC) ; Número de libro/Signatura topográfica íntegra, CALL (RLIN) S26 IAI
Año 2024
245 1# - MENCIÓN DE TÍTULO
Título Reporte de la fase de campo de Interrelación Agricultura-Industria para los sitemas producto cacao y palma de aceite en los estados de Chiapas y Tabasco /
Mención de responsabilidad, etc. coordinadora Ofelia Sandoval Castilla ; colaboradores Camelia Alejandra Alcantara Ramírez...[y otros]
260 ## - PUBLICACIÓN, DISTRIBUCIÓN, ETC.
Lugar de publicación, distribución, etc. Chapingo, México :
Nombre del editor, distribuidor, etc. El autor,
Fecha de publicación, distribución, etc. 2024
300 ## - DESCRIPCIÓN FÍSICA
Extensión 1 recurso en línea (264 páginas) :
Otras características físicas mapas, gráficas, diagramas, tablas, fotos
336 ## - TIPO DE CONTENIDO
Fuente rdacontent
Término de tipo de contenido Texto
Código de tipo de contenido txt
337 ## - TIPO DE MEDIO
Fuente rdamedia
Nombre/término del tipo de medio computadora
Código del tipo de medio c
338 ## - TIPO DE SOPORTE
Fuente rdacarrier
Nombre/término del tipo de soporte recurso en línea
Código del tipo de soporte cr
500 ## - NOTA GENERAL
Nota general Grado 5° ; Grupo 4
502 ## - NOTA DE TESIS
Nota de tesis Viaje de Estudios
Tipo de título (IAI) --
Nombre de la institución que otorga el título UACh. Departamento de Ingeniería Agroindustrial,
Año de obtención del título 2024
504 ## - NOTA DE BIBLIOGRAFÍA, ETC.
Nota de bibliografía, etc. Bibliografía: páginas 261-264
505 0# - NOTA DE CONTENIDO CON FORMATO
Nota de contenido con formato Visitas:
Título I. CACAO --<br/>1. Agroindustrias de cerro santo --<br/>2. Academia mexicana del cacao --<br/>3. Otoch Chukwá- La casa del chocolate --<br/>4. La salamandra cacaotera --<br/>5. Flores Chocolate Artesanal --<br/>6. Luúm chocolate --<br/>7. Finca 4 hermanos --<br/>8. Jangala cacao y selva --<br/>9. Productor: Eder Herrera López --<br/>10. Rayen Cacao Sostenible S.P.R. de R.L. --<br/>11. Chocolatería ADIÚ --<br/>12. Agrocacao Industrial S.A DE C.V. --<br/>13. La Loca Cacaoteria --<br/>14. Productor Rancho el Rocio --<br/>15. Productor ADJAL --<br/>16. Agroindustria “Asociación de Agroindustrias Serranas.” --<br/>17. Productor -L.J Agrocacao --<br/>18. Productor – Hacienda La Luz --<br/>19. Hacienda Cacaotera Jesús María --<br/>20. Quinta Tulipán --<br/>21. Finca Procesadora de Cacao Broca --<br/>II. ACEITE DE PALMA --<br/>22. Zitihuatl SPR de RLE --<br/>23. Aceitera Chiapaneca La Palma S. D. de P.R. de R.L. de C.V. --<br/>24. Sergio Lucio Villalón --<br/>25. Productor Carlos Homero López Lena --<br/>26. Rancho Trinidad --<br/>27. Productor José Kouri --<br/>28. CBTA 045 --<br/>29. Productor Francisco Nares --<br/>30. Productora Elodia Sandoval --<br/>31. Productor Francisco Constantino --<br/>32. Centro de Acopio de la Asociación Mundo Maya --<br/>33. Oleopalma Palenque --<br/>34. UUMBAL --<br/>35. FIRA Palenque --<br/>36. UNACH --<br/>37. Asociación Cooperativa El Malayo --<br/>38. Astrorey --<br/>39. Ideas Palmas --<br/>40. El Balzon SC de RL de C.V --<br/>41. Productor de la asociación El Balzon --<br/>42. Productora de la asociación El Balzon --<br/>43. Productor socio del El Balzon --<br/>44. Oleopalma Jalapa --<br/>45. CIISPALMA
650 13 - PUNTO DE ACCESO ADICIONAL DE MATERIA--TÉRMINO DE MATERIA
Término de materia o nombre geográfico como elemento de entrada Industria del cacao
9 (RLIN) 185308
Subdivisión geográfica México
-- Chiapas
650 13 - PUNTO DE ACCESO ADICIONAL DE MATERIA--TÉRMINO DE MATERIA
Término de materia o nombre geográfico como elemento de entrada Industria del cacao
9 (RLIN) 185308
Subdivisión geográfica México
-- Tabasco
650 13 - PUNTO DE ACCESO ADICIONAL DE MATERIA--TÉRMINO DE MATERIA
Término de materia o nombre geográfico como elemento de entrada Industria de la grasa y el aceite
Subdivisión general Iniciativa empresarial
Subdivisión geográfica México
-- Chiapas
9 (RLIN) 162382
650 13 - PUNTO DE ACCESO ADICIONAL DE MATERIA--TÉRMINO DE MATERIA
Término de materia o nombre geográfico como elemento de entrada Industria de la grasa y el aceite
Subdivisión geográfica México
-- Tabasco
9 (RLIN) 154338
650 13 - PUNTO DE ACCESO ADICIONAL DE MATERIA--TÉRMINO DE MATERIA
Término de materia o nombre geográfico como elemento de entrada Productos derivados de aceite de palma
9 (RLIN) 189862
650 13 - PUNTO DE ACCESO ADICIONAL DE MATERIA--TÉRMINO DE MATERIA
Término de materia o nombre geográfico como elemento de entrada Cocoa industry
9 (RLIN) 150788
Subdivisión geográfica Mexico
-- Chiapas
650 13 - PUNTO DE ACCESO ADICIONAL DE MATERIA--TÉRMINO DE MATERIA
Término de materia o nombre geográfico como elemento de entrada Cocoa industry
9 (RLIN) 150788
Subdivisión geográfica Mexico
-- Tabasco
650 13 - PUNTO DE ACCESO ADICIONAL DE MATERIA--TÉRMINO DE MATERIA
Término de materia o nombre geográfico como elemento de entrada Fats and oils industry
9 (RLIN) 157566
Subdivisión geográfica Mexico
-- Chiapas
650 13 - PUNTO DE ACCESO ADICIONAL DE MATERIA--TÉRMINO DE MATERIA
Término de materia o nombre geográfico como elemento de entrada Fats and oils industry
9 (RLIN) 157566
Subdivisión geográfica Mexico
-- Tabasco
650 13 - PUNTO DE ACCESO ADICIONAL DE MATERIA--TÉRMINO DE MATERIA
Término de materia o nombre geográfico como elemento de entrada Oil palm products
9 (RLIN) 189863
700 1# - PUNTO DE ACCESO ADICIONAL--NOMBRE DE PERSONA
Nombre de persona Sandoval Castilla, Ofelia
9 (RLIN) 151810
Término indicativo de función/relación coordinadora
700 ## - PUNTO DE ACCESO ADICIONAL--NOMBRE DE PERSONA
Nombre de persona Alcántara Ramírez, Camila Alejandra
Término indicativo de función/relación colaboradora
9 (RLIN) 189861
856 40 - LOCALIZACIÓN Y ACCESO ELECTRÓNICOS
Identificador Uniforme del Recurso <a href="http://10.13.5.2/ve/TC946_IAI/TC946_IAI_2024-REPORTE.pdf">http://10.13.5.2/ve/TC946_IAI/TC946_IAI_2024-REPORTE.pdf</a>
Texto de enlace DESCARGAR REPORTE
Holdings
Estado de retiro Estado de pérdida Fuente del sistema de clasificación o colocación Estado dañado No para préstamo Código de colección Localización permanente Ubicación/localización actual Ubicación en estantería Fecha de adquisición Fuente de adquisición Total de préstamos Signatura topográfica completa Código de barras Fecha visto por última vez Precio válido a partir de Tipo de ítem Koha
    Clasificación Universidad Autónoma de Chapingo     Viajes de estudio - En línea Ingenieria Agroindustrial Ingenieria Agroindustrial En línea 22/01/2025 El autor   T.C.946 S26 IAI 2024 1206015164 22/01/2025 22/01/2025 Viajes de Estudio - En línea